Arte rupestre de Mauritania.

Guardado en:
Formato: Deslizar
Series:Patrimonio Mundial
Materias:
Etiquetas: Agregar Etiqueta
Sin Etiquetas, Sea el primero en etiquetar este registro!
LEADER 01016ngm a22002895g 4500
001 CEM.cems021425
008 130507b1992##################0###0#####d
005 20240822210929.0
245 0 0 |a Arte rupestre de Mauritania. 
300 |a 15 
490 0 |a Patrimonio Mundial 
500 |a En soporte VHS, consultar en ventanilla. 
505 0 |a Culturas paleolíticas. Fauna prehistórica. Influencias de pueblos nómades. Ciudades importantes. Centros culturales del Siglo XVIII. Sequías. Exodo y despoblamiento gradual de las zonas campesinas. 
538 |a Soporte: VHS - Norma: Pal N - Color - Grabación Drd 1992 - Hitachi=5460 
082 7 0 |/ PAT 
653 |a GEOGRAFIA HUMANA 
653 |a GEOGRAFIA ECONOMICA 
653 |a HISTORIA 
653 |a ARTE RUPESTRE 
653 |a PREHISTORIA 
653 |a CULTURAS 
653 |a MAURITANIA 
653 |a GEOGRAFIA 
653 |a ARTE 
653 |a RUPESTRE 
653 |a NIVEL SECUNDARIO 
859 |a CEMS  |b BIB. CEMS - Depto. Recursos Didacticos  |h 700  |i PAT  |k DRD  |p 68.12  |t Ej.1